stars wars - Statistiques

Statistiques générales
  • Ce quiz a été pris 924 fois
  • Le résultat moyen est 6 sur 8
Statistiques - réponses
Hint Réponse % Correct
anakin skywalker
95%
luke skywalker
95%
han solo
95%
dark vador
89%
princesse leia
87%
dark maul
76%
chew baca
53%
dark grivious
1%
Aucun quiz correspondant
Distribution des résultats
% des personnes avec chaque résultat
Percentile par nombre de réponses
Votre historique - résultats
Vous n’avez pas pris ce quiz